00340 a2200133 4500001000700000041000800007100002200015250001000037300001700047856002500064040002500089245005600114260003600170105085 apor aJohnson, Laura T. a. ed. a1 sound disc u000007/0000070a.jpeg aBR-BrIDEAcBR-BrIDEA10aSimplified Lummi stick activitiesc Laura T Johnson a[S.l.]bKimbo Educationalc1976